Vzostup a pády maďarskej ekonomiky

Po roku 1989 sa stala východná Európa experimentálnym laboratóriom národohospodárov. Maďarsko sa pokladalo za vzor. Dnes je to však inak. Pohľad na situáciu v Maďarsku.

Uložené v:
Podrobná bibliografia
Médium: Kapitola
Jazyk:Slovak
Predmet:
Tagy: Pridať tag
Žiadne tagy, Buďte prvý, kto otaguje tento záznam!

MARC

LEADER 00000naa$a2200000$$$4500
001 0105899
005 20220725111055.3
041 0 |a slo 
044 |a SK 
245 1 0 |a Vzostup a pády maďarskej ekonomiky 
520 |a Po roku 1989 sa stala východná Európa experimentálnym laboratóriom národohospodárov. Maďarsko sa pokladalo za vzor. Dnes je to však inak. Pohľad na situáciu v Maďarsku. 
610 2 0 |a Maďarsko 
610 2 0 |a situácia hospodárska 
610 2 0 |a politika hospodárska 
610 2 0 |a reformy hospodárske